U.S. States By Margin in the 2020 Presidential Election - Statistics

General Stats
  • This quiz has been taken 27 times
  • The average score is 40 of 51
Answer Stats
% Answer % Correct
86.75 District of Columbia
100%
29.46 Hawaii
89%
33.46 Massachusetts
89%
0.31 Arizona
84%
29.16 California
84%
13.50 Colorado
84%
20.07 Connecticut
84%
18.97 Delaware
84%
0.23 Georgia
84%
33.21 Maryland
84%
2.78 Michigan
84%
7.11 Minnesota
84%
2.39 Nevada
84%
10.79 New Mexico
84%
23.13 New York
84%
−1.35 North Carolina
84%
16.09 Oregon
84%
1.16 Pennsylvania
84%
20.78 Rhode Island
84%
−5.58 Texas
84%
35.41 Vermont
84%
−3.36 Florida
79%
−30.77 Idaho
79%
−8.20 Iowa
79%
9.07 Maine
79%
7.35 New Hampshire
79%
15.93 New Jersey
79%
−8.03 Ohio
79%
19.20 Washington
79%
0.63 Wisconsin
79%
−25.46 Alabama
74%
−10.06 Alaska
74%
−27.62 Arkansas
74%
−16.55 Mississippi
74%
−15.39 Missouri
74%
−16.37 Montana
74%
−33.34 North Dakota
74%
−26.16 South Dakota
74%
−20.48 Utah
74%
10.11 Virginia
74%
−38.93 West Virginia
74%
−43.38 Wyoming
74%
16.99 Illinois
68%
−14.64 Kansas
68%
−33.09 Oklahoma
68%
−25.94 Kentucky
63%
−18.61 Louisiana
63%
−11.68 South Carolina
63%
−16.07 Indiana
58%
−19.06 Nebraska
58%
−23.21 Tennessee
58%
No matching quizzes found
Score Distribution
Percent of People with Each Score
Percentile by Number Answered
Your Score History
You have not taken this quiz